Louis Tomlinson songs by synonyms - Statistics

General Stats
  • This quiz has been taken 192 times
  • The average score is 10 of 13
Answer Stats
Hint Answer % Correct
Duplicate Of A Replica Of A Clone Copy Of A Copy Of A Copy
88%
Weekends Saturdays
88%
Don't Allow It To Shatter Your Symbol Of Love Don't Let It Break Your Heart
87%
It's How Affection Works That's The Way Love Goes
79%
Windows Walls
76%
That Whole Period All This Time
74%
Vulnerable Defenceless
73%
Double Of You And I Two Of Us
73%
Stoned Somewhere High In California
72%
Divine Beings Travel Through The Air Angels Fly
67%
Look At The Song Face The Music
67%
Title Headline
67%
Notice Your Absence Miss You
52%
No matching quizzes found
Score Distribution
Percent of People with Each Score
Percentile by Number Answered
Your Score History
You have not taken this quiz